00429nam a2200157Ia 4500008004100000020001400041040001900055041001200074082002300086100002800109245004300137260003700180300002100217650002300238850001000261131103s9999 xx 000 0 und d a345404777 aLoreto College aEnglish aF/PATbLCLIB/42364 aPatterson,Richard North aNo Safe PlacecRichard North Patterson aNew YorkbBallantine Booksc1998 a513 p. c 18 cm. aFiction in English aLCLIB